San Holo Charting Songs (Billboard Hot Dance) - Statistics

General Stats
  • This quiz has been taken 19 times
    8 since last reset
  • The average score is 6 of 11
Answer Stats
Album Weeks On Peak Artist(s) Song % Correct
BB U OK? 1 Week #32 San Holo bb u ok?
100%
Non-Album Single 20 Weeks #13 San Holo Light
100%
Non-Album Single 8 Weeks #25 San Holo ft. Broods Honest
75%
Non-Album Single 1 Week #39 San Holo & Jai Wolf We Will Meet Again
75%
album1 2 Weeks #39 San Holo ft. Sofie Winterson lift me from the ground
50%
album 1 1 Week #49 San Holo ft. Bipolar Sunshine brighter days
25%
BB U OK? 1 Week #41 San Holo it hurts!
25%
Gouldian Finch 3 1 Week #49 San Holo lead me back
25%
album1 1 Week #42 San Holo show me
25%
New Blood 2 Weeks #39 Yellow Claw ft. San Holo Summertime
25%
Non-Album Single 1 Week #50 San Holo ft. James Vincent McMorrow The Future
25%
No matching quizzes found
Score Distribution
Percent of People with Each Score
Percentile by Number Answered
Your Score History
You have not taken this quiz since the last reset